000
00303nam a22001337a 4500
003
OSt
008
220521b ||||| |||| 00| 0 eng d
082
_a
823.92 IGR
100
_a
IGER, Robert
245
_a
The Ride of a Lifetime
260
_a
London
_b
Penguin
_c
2019
300
_a
246
942
_2
ddc
_c
BK
999
_c
11234
_d
11234